000 00560nam a2200193Ia 4500
003 IN-BaIIA
008 211028s9999 xx 000 0 eng d
040 _cIIA Library
080 _a539.1
_bSTE
100 _aStephens, William E.
_91848
245 0 _aNuclear fission and atomic energy
_cWilliam E. Stephens
260 _aLancaster
_bThe Science Press
_c1948
300 _ax, 294p.
650 _aAtomic physics
_91547
650 _aNASA Thesaurus
650 _aNuclear fission
_91849
650 _aNuclear physics
_91527
942 _cBK
999 _c868
_d868